Statistics for Best Football Player From Each Country

Click here to take the quiz!

General Stats

  • This quiz has been taken 156 times
  • The average score is 15 of 30

Answer Stats

CountryAnswer% Correct
ArgentinaLionel Messi
99%
BrazilNeymar Jr.
96%
FranceKylian Mbappé
95%
BelgiumKevin De Bruyne
91%
EnglandHarry Kane
88%
CroatiaLuka Modrić
88%
PortugalCristiano Ronaldo
82%
PolandRobert Lewandowski
67%
Korea RepublicSon Heung
67%
WalesGareth Bale
66%
SwedenZlatan Ibrahimović
64%
UruguayLuis Suárez
63%
SenegalSadio Mane
62%
MoroccoAchraf Hakimi
58%
USAChristian Pulisic
55%
GermanyThomas Muller
53%
ColombiaJames Rodríguez
49%
DenmarkChristian Eriksen
47%
IranMehdi Taremi
32%
SwitzerlandGranit Xhaka
30%
SerbiaSergej Milinković-Savić
28%
AustraliaMathew Ryan
12%
NetherlandsVirgil Van Djik
12%
JapanDaichi Kamada
11%
SpainRodrigo Hernández
11%
MexicoHugo Sánchez
10%
Italy
Roberto Baggio
7%
TunisiaEllyes Skhiri
5%
PeruPaolo Guerrero
4%
UkraineViktor Tsyhankov
2%

Score Distribution

Percentile by Number Answered

Percent of People with Each Score

Your Score History

You have not taken this quiz